Guia de la premsa local i comarcal : Alt Penedès, Anoia, Bages, Baix Llobregat, Barcelonès, Berguedà, Garraf, Maresme, Osona, Vallès Occidental, Vallès Oriental / Direcció General de Mitjans de Comunicació Alt Penedès, Anoia, Bages, Baix Llobregat, Barcelonès, Berguedà, Garraf, Maresme, Osona, Vallès Occidental, Vallès Oriental / Direcció General de Mitjans de Comunicació
Publicado:
Barcelona :
Departament de Cultura i Mitjans de Comunicació. Generalitat de Catalunya ,
1981
Descripción Física:
198 p. : il. ; 23 cm
Materias:
Premsa -- Barcelona (Província)
MARC
| LEADER | 00000nam a2200000Ia 4500 | ||
|---|---|---|---|
| 001 | 1412 | ||
| 008 | 160829s1981 xx 000 0 cat d | ||
| 080 | |a O-1-50 | ||
| 245 | |a Guia de la premsa local i comarcal : |b Alt Penedès, Anoia, Bages, Baix Llobregat, Barcelonès, Berguedà, Garraf, Maresme, Osona, Vallès Occidental, Vallès Oriental / Direcció General de Mitjans de Comunicació | ||
| 260 | |a Barcelona : |b Departament de Cultura i Mitjans de Comunicació. Generalitat de Catalunya, |c 1981 | ||
| 300 | |a 198 p. : |b il. ; |c 23 cm | ||
| 650 | |a Premsa |x Barcelona (Província) |9 22060 | ||
| 901 | |a Arxiu | ||
| 942 | |n 1 | ||
| 952 | |0 0 |1 0 |4 0 |6 O150 |7 1 |9 42034 |a Arxiu |b Arxiu |d 2016-12-01 |l 0 |o O-1-50 |p 1412 |r 2016-12-01 00:00:00 |w 2016-12-01 |y ARXIU | ||
| 999 | |c 44481 |d 44481 | ||